Le tour du monde en quatre-vingts jours / (Record no. 9032)

MARC details
000 -LEADER
fixed length control field 01205nam a22002777a 4500
001 - CONTROL NUMBER
control field 9032
003 - CONTROL NUMBER IDENTIFIER
control field FISKH
005 - DATE AND TIME OF LATEST TRANSACTION
control field 20251117083506.0
008 - FIXED-LENGTH DATA ELEMENTS--GENERAL INFORMATION
fixed length control field 251117b cb ||||| |||| 00| 0 eng d
020 ## - INTERNATIONAL STANDARD BOOK NUMBER
International Standard Book Number 9782070514366
040 ## - CATALOGING SOURCE
Original cataloging agency FISKH
Language of cataloging fre
Transcribing agency FISKH
Modifying agency FISKH
050 ## - LIBRARY OF CONGRESS CALL NUMBER
Classification number PQ2469.T7 E5
082 ## - DEWEY DECIMAL CLASSIFICATION NUMBER
Classification number 843.8
100 ## - MAIN ENTRY--PERSONAL NAME
Personal name Verne, Jules
245 ## - TITLE STATEMENT
Title Le tour du monde en quatre-vingts jours /
Statement of responsibility, etc. By Jules Verne
260 ## - PUBLICATION, DISTRIBUTION, ETC.
Place of publication, distribution, etc. Paris :
Name of publisher, distributor, etc. Gallimard,
Date of publication, distribution, etc. 1981.
300 ## - PHYSICAL DESCRIPTION
Extent 333 pages :
Other physical details illustrations ;
Dimensions 18 cm .
490 ## - SERIES STATEMENT
Series statement Folio junior édition spéciale
520 ## - SUMMARY, ETC.
Summary, etc. Classic Literature. Fiction. HTML:An unmarried by mathematically precise Englishman dismisses his valet for heating his shaving water two degrees cooler than usual. He hires a French valet to replace him and the two of them set off to travel around the world in eighty days - a supposedly possible feat, now that the Indian railways have been built. If they succeed they will win a fortune off the other members of the Reform Club.<br/>
650 ## - SUBJECT ADDED ENTRY--TOPICAL TERM
Topical term or geographic name entry element Adventure
Form subdivision Fiction
650 ## - SUBJECT ADDED ENTRY--TOPICAL TERM
Topical term or geographic name entry element 19 th century
Form subdivision Fiction
700 ## - ADDED ENTRY--PERSONAL NAME
Personal name Neuville, C.
Relator term Illustrator
700 ## - ADDED ENTRY--PERSONAL NAME
Personal name Benett, L.
Relator term Illustrator
942 ## - ADDED ENTRY ELEMENTS (KOHA)
Source of classification or shelving scheme Dewey Decimal Classification
Koha item type Books
Suppress in OPAC No
Holdings
Withdrawn status Lost status Source of classification or shelving scheme Damaged status Not for loan Collection Home library Current library Shelving location Date acquired Total Checkouts Full call number Barcode Date last seen Price effective from Koha item type
    Dewey Decimal Classification     Fiction Footprints International School Library Network Toul Tom Poung Campus Footprints International School Library Network Toul Tom Poung Campus TTP Secondary Fiction Bookshelves 11/17/2025   VER 843.8 PQ2469.T7 E5 FISSE03024 11/17/2025 11/17/2025 Books